| 000 | 01201nam a22001937a 4500 | ||
|---|---|---|---|
| 005 | 20250916092639.0 | ||
| 008 | 250904b |||||||| |||| 00| 0 eng d | ||
| 020 | _a9781394249138 | ||
| 082 | _aDC 005.13 M666 2024 | ||
| 100 |
_aMinnick, Chris. _967498 |
||
| 245 |
_aCoding with AI for dummies / _cChris Minnick. |
||
| 260 |
_aNew Jersey : _bJohn Wiley & Sons, Inc., _c©2024. |
||
| 300 |
_ax, 324 pages : _billustrations ; _c23 cm. |
||
| 500 | _aIncludes index. | ||
| 520 | _a'Coding with AI For Dummies' introduces you to the many ways that artificial intelligence can make your life as a coder easier. Even if you're brand new to using AI, this book will show you around the new tools that can produce, examine, and fix code for you. With AI, you can automate processes like code documentation, debugging, updating, and optimization. The time saved thanks to AI lets you focus on the core development tasks that make you even more valuable. Learn the secrets behind coding assistant platforms and get step-by-step instructions on how to implement them to make coding a smoother process" | ||
| 650 | 0 |
_aComputer programming. _967496 |
|
| 650 | 0 |
_aArtificial intelligence. _967497 |
|
| 942 |
_2ddc _cDC |
||
| 999 |
_c23671 _d23671 |
||